| 000 | 00368nam a2200109Ia 4500 | ||
|---|---|---|---|
| 008 | 171212s9999 xx 000 0 und d | ||
| 100 | _aFawcett, Julia H. | ||
| 245 |
_cFawcett, Julia H. _aSpectacular Disappearances _bCelebrity and Privacy, 1696-1801 |
||
| 260 |
_bUniversity of Michigan Press _c2016 |
||
| 650 | _aHistory | ||
| 856 | _uhttp://jstor.org/stable/j.ctt1gk08dp | ||
| 999 |
_c353004 _d353004 |
||